00850nam a2200229Ia 4500003000900000008004100009020001800050040001600068080002200084100002800106245015200134260003700286300001000323500002600333650005200359650004100411700002200452700002600474942000700500999001500507952009800522IN-BaIIA211028s9999 xx 000 0 eng d a0-8243-0913-8 cIIA Library a52(047.1)bAAA-13 aBurbridge, G. R.912991 0aAnnual reviews of astronomy and astrophysicsbvol. 13cG. R. Burbridge, D. Layzer and J. G. Phillips  aCaliforniabAnnual Reviewsc1975 a557p. aDonated by Mrs. Bappu aAnnual Reviews-Astronomy and Astrophysics98535 aAstronomy and Astrophysics Thesaurus aLayzer, D.912992 aPhillips, J. G.99868 cBK c7677d7677 00104070aBANbKODcGENd1983-07-26l0o52(047.1)/ AAA-13p8491r2021-11-05w1983-07-26yBK